Effects of EU Expansion on Migrants’ Employment and Income: A Natural Experiment

Identifikácia kauzálneho vplyvu rozšírenia EÚ na šancu zvýšenia zamestnanosti a príjmu na základe dát Európskej hodnotovej štúdie a odhadov "rozdielov v rozdieloch". Výsledky zaznamenávajú úspešnosť viac u mužov ako u žien a medzi mužmi najmä u tých zo skupiny nižšieho zárobku v distribúcii príjmov.

Guardado en:
Detalles Bibliográficos
Autor principal: Soon, Jan Jan
Formato: Capítulo de libro
Lenguaje:inglés
Materias:
Etiquetas: Agregar Etiqueta
Sin Etiquetas, Sea el primero en etiquetar este registro!

MARC

LEADER 00000naa a2200000 4500
001 0241673
005 20180403133642.4
041 0 |a eng 
044 |a CZ 
245 1 0 |a Effects of EU Expansion on Migrants’ Employment and Income: A Natural Experiment  |c Jan Jan Soon 
520 |a Identifikácia kauzálneho vplyvu rozšírenia EÚ na šancu zvýšenia zamestnanosti a príjmu na základe dát Európskej hodnotovej štúdie a odhadov "rozdielov v rozdieloch". Výsledky zaznamenávajú úspešnosť viac u mužov ako u žien a medzi mužmi najmä u tých zo skupiny nižšieho zárobku v distribúcii príjmov. 
610 2 0 |a Európska únia 
610 2 0 |a cudzinci 
610 2 0 |a migrácia 
610 2 0 |a zamestnanosť 
610 2 0 |a zamestnávanie cudzincov 
610 2 0 |a príjmy 
610 2 0 |a regresia 
610 2 0 |a experimenty 
100 1 |a Soon, Jan Jan